| 000 | 00368nam a2200145Ia 4500 | ||
|---|---|---|---|
| 008 | 150201s2010 xx 000 0 und d | ||
| 082 |
_a616.0707 _bF2010O |
||
| 100 | _aORELL,SVANTE | ||
| 245 | _aFINE NEEDLE ASPIRATION CYTOLOGY | ||
| 250 | _a4TH | ||
| 260 |
_bCHURCHILL LIVINGSTONE _aEDINBURGH _c2010 |
||
| 300 | _a1-487 | ||
| 650 | _aORAL PATHOLOGY | ||
| 942 |
_2ddc _cBK |
||
| 999 |
_c4548 _d4548 |
||